| 000 | 01080nam a2200337Ia 4500 | ||
|---|---|---|---|
| 003 | GCL | ||
| 008 | 140319s9999 xx 000 0 ara d | ||
| 040 |
_aGCL / _cGCL |
||
| 082 | 0 | 4 |
_a805 _bد هـ |
| 100 | 1 | _aدار الهلال | |
| 245 | 1 | 0 |
_aالهلال - سبتمبر 1993 / _cدار الهلال |
| 300 | _a194 ص | ||
| 490 |
_aالهيئة العامة للاستعلامات _v0 |
||
| 650 | 0 | 4 | _aالشعر العربى |
| 650 | 0 | 4 | _aالقصص القصيرة |
| 650 | 0 | 4 | _aالدول النامية |
| 650 | 0 | 4 | _aالفلسفة |
| 650 | 0 | 4 | _aالتاريخ الاسلامى |
| 650 | 0 | 4 | _aابن خلدون |
| 650 | 0 | 4 | _aنجيب محفوظ |
| 650 | 0 | 4 | _aالدوريات |
| 650 | 0 | 4 | _aالقلب |
| 650 | 0 | 4 | _aالصهيونية واليهودية |
| 650 | 0 | 4 | _aالمسرح - مصر |
| 650 | 0 | 4 | _aالمكتبات العامة - مصر |
| 650 | 0 | 4 | _aعصر النهضة (1300 - 1494) |
| 650 | 0 | 4 | _aالافلام المصرية |
| 650 | 0 | 4 | _aالرسم - تاريخ ونقد |
| 650 | 0 | 4 | _aالاسكندرية - تاريخ |
| 942 |
_2ddc _cBK |
||
| 999 |
_c51604 _d51604 |
||